000 00317nam a2200133Ia 4500
008 230312s9999||||xx |||||||||||||| ||und||
020 _a0-06-154258-9
082 _a720.19
_bHOM
245 0 _aHome=Small+Modern+Urban
260 _bCollin Design
_aSpain
_c2008
300 _a250
650 _aArchitecture
942 _cBK
999 _c11852
_d11852